00829nam a22001697a 4500003000400000005001700004008003500021040002500056100004900081245021600130260004900346300002000395500010900415942001400524952010400538999001700642OSt20201029145745.0201029b 2000 dr 00| 0 eng d aDO-SdBNPbspacBNPHU1 aGonzález Canahuate, Luís Almanzor97706710aAlerta profética : bpara abogados y políticos de la necesidad de una ley de partidos políticos, del papel de la jurisprudencia en la etapa actual del derecho dominicano.cL. Almanzor González Canahuate. aSanto Domingo :bEditora Centenario, c2000. a40 p. c24 cm.  aRecopilación Jurisprudencial Integrada. Notas introductivas al Tomo IV, Volumen X treinta (30) años 2ddccLBS1 00102ddc708MOaBNPHUbPDcCTd2020-10-29eDomínico Americano l0r2020-10-29w2020-10-29yLBS1 c48983d48983